| 000 | 00623nam a22002177a 4500 | ||
|---|---|---|---|
| 005 | 20260317161917.0 | ||
| 008 | 260317b |||||||| |||| 00| 0 eng d | ||
| 020 |
_a9788186535776 _c1595.00 |
||
| 040 | _aMAIN | ||
| 041 | _aEnglish | ||
| 082 |
_a571.5382 _bTEC |
||
| 100 |
_aGupta, Sanjay Mohan (ed) _926517 |
||
| 245 | _aTechniques in Plant Tissue Culture and Genetic Transformation | ||
| 260 |
_aNew Delhi _bPanima _c2016 |
||
| 300 | _a294 | ||
| 650 |
_aBiological Science _914046 |
||
| 700 |
_aGupta, Supriya (ed) _926518 |
||
| 700 |
_a Gaur, A. K. (ed) _926519 |
||
| 700 |
_aAnil, Kumar (ed) _926222 |
||
| 942 | _cBK | ||
| 999 |
_c60541 _d60541 |
||